|
|
|
|
| LEADER |
04059nam a2200637 4500 |
| 001 |
978-3-319-89605-2 |
| 003 |
DE-He213 |
| 005 |
20191026092611.0 |
| 007 |
cr nn 008mamaa |
| 008 |
181024s2019 gw | s |||| 0|eng d |
| 020 |
|
|
|a 9783319896052
|9 978-3-319-89605-2
|
| 024 |
7 |
|
|a 10.1007/978-3-319-89605-2
|2 doi
|
| 040 |
|
|
|d GrThAP
|
| 050 |
|
4 |
|a RA791-954.22
|
| 072 |
|
7 |
|a RGC
|2 bicssc
|
| 072 |
|
7 |
|a SOC015000
|2 bisacsh
|
| 072 |
|
7 |
|a RGC
|2 thema
|
| 072 |
|
7 |
|a MBNS
|2 thema
|
| 082 |
0 |
4 |
|a 614.42
|2 23
|
| 100 |
1 |
|
|a Malkhazova, Svetlana.
|e author.
|4 aut
|4 http://id.loc.gov/vocabulary/relators/aut
|
| 245 |
1 |
0 |
|a Mapping Russia's Natural Focal Diseases
|h [electronic resource] :
|b History and Contemporary Approaches /
|c by Svetlana Malkhazova, Varvara Mironova, Natalia Shartova, Dmitry Orlov.
|
| 250 |
|
|
|a 1st ed. 2019.
|
| 264 |
|
1 |
|a Cham :
|b Springer International Publishing :
|b Imprint: Springer,
|c 2019.
|
| 300 |
|
|
|a XXII, 205 p. 201 illus., 170 illus. in color.
|b online resource.
|
| 336 |
|
|
|a text
|b txt
|2 rdacontent
|
| 337 |
|
|
|a computer
|b c
|2 rdamedia
|
| 338 |
|
|
|a online resource
|b cr
|2 rdacarrier
|
| 347 |
|
|
|a text file
|b PDF
|2 rda
|
| 490 |
1 |
|
|a Global Perspectives on Health Geography,
|x 2522-8005
|
| 505 |
0 |
|
|a Preface -- Chapter 1 Introduction -- Chapter 2 Natural and socio-economic conditions -- Chapter 3 The hosts and vectors of natural focal diseases -- Chapter 4 The spread of primary natural focal diseases -- Chapter 5 Territorial organization of sanitary and epidemiological services -- Conclusion -- Authors -- Bibliography -- Maps, illustrations and photo credits. .
|
| 520 |
|
|
|a This book is the first scientific publication on diseases caused by agents circulating in natural environments independently from humans, covering the whole territory of the Russian Federation. It contains diverse and multifaceted information, both in textual and cartographic form. The book focuses on the historical and current distribution of natural-focal diseases in Russia, epidemiological aspects, natural and socio-economic determinants conducing natural foci. With a series of maps this book depicts population morbidity rates in particular regions and on a national level for the 21st century. With numerous color illustrations this book appeals to a wide audience and is of particular interest to geographers, environmental workers, epidemiologists and other specialists interested in environmental and public health issues.
|
| 650 |
|
0 |
|a Medical geography.
|
| 650 |
|
0 |
|a Epidemiology.
|
| 650 |
|
0 |
|a Cultural geography.
|
| 650 |
|
0 |
|a Environmental health.
|
| 650 |
|
0 |
|a Public health.
|
| 650 |
|
0 |
|a Animal systematics.
|
| 650 |
|
0 |
|a Animal taxonomy.
|
| 650 |
1 |
4 |
|a Medical Geography.
|0 http://scigraph.springernature.com/things/product-market-codes/J21000
|
| 650 |
2 |
4 |
|a Epidemiology.
|0 http://scigraph.springernature.com/things/product-market-codes/H63000
|
| 650 |
2 |
4 |
|a Cultural Geography.
|0 http://scigraph.springernature.com/things/product-market-codes/J22000
|
| 650 |
2 |
4 |
|a Environmental Health.
|0 http://scigraph.springernature.com/things/product-market-codes/U18005
|
| 650 |
2 |
4 |
|a Public Health.
|0 http://scigraph.springernature.com/things/product-market-codes/H27002
|
| 650 |
2 |
4 |
|a Animal Systematics/Taxonomy/Biogeography.
|0 http://scigraph.springernature.com/things/product-market-codes/L2504X
|
| 700 |
1 |
|
|a Mironova, Varvara.
|e author.
|4 aut
|4 http://id.loc.gov/vocabulary/relators/aut
|
| 700 |
1 |
|
|a Shartova, Natalia.
|e author.
|4 aut
|4 http://id.loc.gov/vocabulary/relators/aut
|
| 700 |
1 |
|
|a Orlov, Dmitry.
|e author.
|4 aut
|4 http://id.loc.gov/vocabulary/relators/aut
|
| 710 |
2 |
|
|a SpringerLink (Online service)
|
| 773 |
0 |
|
|t Springer eBooks
|
| 776 |
0 |
8 |
|i Printed edition:
|z 9783319896045
|
| 776 |
0 |
8 |
|i Printed edition:
|z 9783319896069
|
| 776 |
0 |
8 |
|i Printed edition:
|z 9783030078140
|
| 830 |
|
0 |
|a Global Perspectives on Health Geography,
|x 2522-8005
|
| 856 |
4 |
0 |
|u https://doi.org/10.1007/978-3-319-89605-2
|z Full Text via HEAL-Link
|
| 912 |
|
|
|a ZDB-2-EES
|
| 950 |
|
|
|a Earth and Environmental Science (Springer-11646)
|